|
|
|
|
| LEADER |
00000cam a2200000 4500 |
| 001 |
vtls011699807 |
| 003 |
SK-MaSNL |
| 005 |
20260302020147.0 |
| 008 |
200316s2017 xo gr 010 fdslo |
| 015 |
|
|
|a SNBA2018/05
|
| 020 |
|
|
|a 9788056900161
|q (brožované)
|
| 035 |
|
|
|a urn:nbn:sk:snk-am00dglo
|
| 035 |
|
|
|a urn:nbn:sk:snk-am3i1lo
|
| 035 |
|
|
|a 013DA358-8C92-4CE2-A812-BB03B59CCC27
|
| 040 |
|
|
|a SNK
|b slo
|c SNK
|e rda
|
| 041 |
0 |
|
|a slo
|
| 044 |
|
|
|a xo
|c SK
|
| 072 |
|
7 |
|a 821.162.4-3
|x Slovenská próza
|2 konspekt
|
| 080 |
|
|
|a 821.162.4-31
|2 2011
|
| 080 |
|
|
|a (0:82-312.5)
|2 2011
|
| 100 |
1 |
|
|a Ježovičová, Kristína,
|d 1984-
|4 aut
|9 171895
|
| 245 |
1 |
0 |
|a Skrotenie nehanebnice
|c Kristína Ježovičová, Lucia Braunová
|
| 250 |
|
|
|a 1. vydanie
|
| 264 |
|
1 |
|a Bratislava
|b Marenčin PT
|c 2017
|
| 300 |
|
|
|a 254 strán
|c 17 cm
|
| 336 |
|
|
|a text
|b txt
|2 rdacontent
|
| 337 |
|
|
|a bez média
|b n
|2 rdamedia
|
| 338 |
|
|
|a zväzok
|b nc
|2 rdacarrier
|
| 500 |
|
|
|a Obsahuje biografické údaje o autorkách na zadnej obálke
|
| 655 |
|
7 |
|a slovenské romány
|2 SNKPH
|9 70324
|
| 655 |
|
7 |
|a ľúbostné romány
|2 SNKPH
|9 70497
|
| 655 |
|
7 |
|a Slovak fiction
|2 SNKPHeng
|9 277096
|
| 655 |
|
7 |
|a Love novels
|2 SNKPHeng
|9 277756
|
| 700 |
1 |
|
|a Braunová, Lucia,
|d 1985-
|4 aut
|9 161679
|
| 852 |
|
|
|a Štátna vedecká knižnica v Banskej Bystrici
|
| 919 |
|
|
|a 978-80-569-0016-1
|
| 958 |
|
|
|a LX
|
| 958 |
|
|
|a BX
|
| 999 |
|
|
|c 1024043
|d 1025973
|
| 952 |
|
|
|a SNK
|b SNK
|y PREZ
|7 0
|p 17A1329497
|o snkSD 87170
|i snk2018/8258
|8 0
|0 0
|1 0
|4 0
|d 2018-04-11
|f 1
|l 0
|r 2026-02-24 13:33:47
|w 2026-02-24
|
| 952 |
|
|
|a SNK
|b SNK
|y PREZ
|7 0
|p 17A1329498
|o snkSD 87170 D1
|i snk2018/8259
|8 0
|0 0
|1 0
|4 0
|d 2018-04-11
|l 0
|r 2026-02-24 13:33:47
|w 2026-02-24
|